000 00625nam a22002537a 4500
001 65824
003 UA-OsUOA
005 20220409184426.0
007 ta
008 20091210b un ||||| |||| 00| 0 ukr d
020 _a9668142055
040 _aUA-OsUOA
_bukr
_cUA-OsUOA
_dUA-OsUOA
041 _aukr
080 _a821.161.2
090 _a821.161.2
_bП41
100 _aПобелян М.
245 _aМаргріттового птаха крила
246 3 1 _a1
260 _aХарків
_c2006
300 _a108 с.
650 7 _a821 Художня література
_2UDC
942 _cBK
_2udc
955 _a3
999 _c352273
_d352273